000
00400nam a2200145Ia 4500
008
090124s9999 xx 000 0 und d
082
_b
301812
245
_a
ध्येयवादी
250
_a
1
260
_b
काकोडकर चंद्रकांत.
_c
1987
300
_a
168
630
_a
ध्येयवादी
730
_a
ध्येयवादी
942
_c
BOOK
999
_c
191404
_d
191404